000 00214nam a2200085Ia 4500
008 170620s9999 xx 000 0 und d
100 _aBare act
245 0 _aSecurties and Exchange Board of India
260 _bUniversal Law Pub.
260 _c2007
999 _c29200
_d29200